Rodin
Furkejuvvon:
| Searvvušdahkki: | |
|---|---|
| Materiálatiipa: | Girji |
| Giella: | eaŋgalasgiella |
| Almmustuhtton: |
Londres
Royal Academy of Arts
2007
|
| Fáttát: | |
| Fáddágilkorat: |
Lasit fáddágilkoriid
Eai fáddágilkorat, Lasit vuosttaš fáddágilkora!
|
MARC
| LEADER | 00000nam a2200000 a 4500 | ||
|---|---|---|---|
| 001 | UCH8807 | ||
| 003 | CL-VaPUC | ||
| 008 | 091211e20070000UK |||||||||||||||||eng|d | ||
| 020 | |a 9781903973660 | ||
| 082 | 0 | 4 | |a 730.92 |b ROY |2 21 |
| 110 | 2 | |a Royal Academy of Arts |e author |9 545461 | |
| 245 | 1 | 0 | |a Rodin |
| 300 | |a 315 p | ||
| 942 | |c BK | ||
| 945 | |d 20091211 00:00:00 |a dcastane | ||
| 260 | |a Londres |b Royal Academy of Arts |c 2007 | ||
| 600 | 0 | 7 | |a RODIN, AUGUSTE 1840-1917 |2 CL-VaPUC |9 545462 |
| 650 | 0 | |a Escultura |9 265737 | |
| 650 | 7 | |a ESCULTURA FRANCESA |2 CL-VaPUC |9 341225 | |
| 650 | 7 | |a ESCULTORES FRANCESES |2 CL-VaPUC |9 265297 | |
| 583 | |a last modification |c 20091211 00:00:00 |k Rodrigo Vera | ||
| 999 | |c 338914 |d 338912 | ||
| 952 | |0 0 |1 0 |4 0 |6 730_920000000000000_ROY_2007 |7 0 |8 X |9 432204 |a BIBART |b BIBART |d 2019-11-22 |i 462498K |l 2 |o 730.92 ROY 2007 |p 462498K |r 2025-03-13 |s 2023-07-28 |w 2019-11-22 |y BK_X |k ART | ||